000 00426nam a2200169 a 4500
001 1848
005 20140414131850.0
008 010423s19uu xx 00 eng d
020 _a0-14-055996-5
050 _aM 411
_bB37 1996
100 _aBase, Graeme
245 _aAnimalia /
_cGraeme Base.
260 _bPuffin Books,
_c1996.
300 _a1v. (unp.) : ill. ; cm.
650 _aAnimal picture book.
999 _c110161
_d110161